|
|
|
|
| LEADER |
00000nam a2200000 a 4500 |
| 001 |
vtls001068340 |
| 003 |
SK-MaSNL |
| 005 |
20260301193431.0 |
| 008 |
240226s1992 xo a grnf 000 0 cze |
| 015 |
|
|
|a SNBA1992
|
| 020 |
|
|
|a 8071280054
|q (viazané)
|
| 035 |
|
|
|a SNK000011170
|
| 035 |
|
|
|a 70D2B130-34F0-4EBA-BC93-0966D4686DF4
|
| 035 |
|
|
|a urn:nbn:sk:snk-am00ig9h
|
| 040 |
|
|
|a SNK
|b slo
|c SNK
|e AACR2
|
| 041 |
1 |
|
|a cze
|h ger
|
| 044 |
|
|
|a xo
|c SK
|
| 072 |
|
7 |
|a 615.8
|x Fyzioterapia. Psychoterapia. Alternatívna medicína
|2 konspekt
|
| 072 |
|
7 |
|a 615
|x Farmácia. Farmakológia
|2 konspekt
|
| 080 |
|
|
|a 615.8
|2 2011
|
| 080 |
|
|
|a 615.8.015.32
|2 2001
|
| 080 |
|
|
|a 615.32.015.32
|2 2001
|
| 080 |
|
|
|a 615.8-022.214
|2 2011
|
| 080 |
|
|
|a (035)
|2 2011
|
| 100 |
1 |
|
|a Rosival, Vera,
|d 1943-2019
|4 aut
|9 398055
|
| 240 |
1 |
0 |
|a Wegweiser zur Naturheilkunde
|l Česky
|
| 245 |
1 |
0 |
|a Homeopatie
|b jak se můžeme sami léčit
|c Vera Rosivalová ; [z německého originálu Wegweiser zur Naturheilkunde ... přeložil kolektiv překladatelů ; ilustrace Miroslav Valček]
|
| 250 |
|
|
|a 1. vyd.
|
| 260 |
|
|
|a Bratislava
|b Pictus
|c 1992
|
| 300 |
|
|
|a 168 strán
|b ilustrácie
|c 21 x 13 cm
|
| 490 |
1 |
|
|a Kamila
|v sv. 2
|
| 500 |
|
|
|a Rozložený titulný list. Ilustrácie na titulnom liste
|
| 500 |
|
|
|a Obsahuje 4 kapitoly
|
| 504 |
|
|
|a Bibliografia na strane 164
|
| 650 |
0 |
7 |
|a homeopatia
|2 SNKPH
|9 1144
|
| 650 |
0 |
7 |
|a autoterapia
|2 SNKPH
|9 68683
|
| 650 |
0 |
7 |
|a homeopatiká
|2 SNKPH
|9 19060
|
| 650 |
0 |
7 |
|a alternatívna medicína
|2 SNKPH
|9 901
|
| 655 |
|
7 |
|a príručky
|2 SNKPH
|9 74364
|
| 700 |
1 |
|
|a Valček, Miroslav
|4 ill
|9 572920
|
| 740 |
0 |
2 |
|a Léčebné metody přírodní medicíny
|
| 740 |
0 |
2 |
|a Látková výměna a její poruchy
|
| 740 |
0 |
2 |
|a Možnosti regulace látkové výměny
|
| 740 |
0 |
2 |
|a Homeopatické sebeléčení
|
| 830 |
|
0 |
|a Kamila
|9 572921
|
| 852 |
|
|
|a Slovenská národná knižnica
|
| 919 |
|
|
|a 80-7128-005-4
|
| 954 |
|
|
|a iná literatúra (príručky, kuchárske knihy, hobby literatúra, sprievodcovia) cudzojazyčná (svetová)
|2 lita
|
| 958 |
|
|
|a RK
|
| 958 |
|
|
|a TL
|
| 958 |
|
|
|a DE
|
| 958 |
|
|
|a OND
|
| 958 |
|
|
|a OP
|
| 958 |
|
|
|a MI
|
| 958 |
|
|
|a NB
|
| 958 |
|
|
|a EUIPO
|
| 999 |
|
|
|c 877263
|d 879193
|
| 952 |
|
|
|t P60, <04>, [BOOK], {604}
|a SNK
|b SNK
|y VYP
|7 0
|p 17A0015570
|o snkSC 81881 D1
|0 0
|1 0
|4 0
|d 1996-10-23
|l 0
|r 2004-12-31 00:00:00
|w 2026-02-24
|
| 952 |
|
|
|a SNK
|b SNK
|y PREZ
|7 0
|p 17A0994188
|o snkSC 81881
|i snkKSP 4904/92
|0 0
|1 0
|4 0
|d 2012-08-14
|f 1
|l 0
|r 2025-08-18 00:00:00
|w 2026-02-24
|